Quiz o Janniku Sinnerze ATP - Statystyki

Ogólne statystyki
  • Ten quiz został rozwiązany 6 razy
  • Średni wynik to 6 z 15
Statystyki odpowiedzi
Zagadnienie Odpowiedź % Poprawnych
Jakiej narodowości jest Jannik Sinner? Włoskiej
100%
Ile wielkich szlemów wygrał Jannik Sinner? 4
60%
Jakiego sportu nie uprawiał Jannik Sinner? Narciarstwo biegowe
60%
Ile rodzeństwa ma Jannik Sinner? 1
40%
W jakim roku urodził się Jannik Sinner 2001
40%
Ile turniejów wygrał Jannik Sinner? 24
40%
Ile razy Jannik Sinner pokonał Carlosa Alcaraza? 6
40%
Jakimi językami płynnie posługuje się Jannik Sinner? Angielski, włoski, niemiecki
40%
Jakie jest ulubione warzywo Jannika Sinnera? Marchewka
40%
W jakiej miejscowości urodził się Jannik Sinner? San Candido
40%
Jaki wzrost ma Jannik Sinner? 191cm
20%
Ile razy Jannik Sinner wygrał ATP Finals? 2
20%
W którym roku Jannik Sinner zaczął zawodową karierę tenisową? 2018
20%
Jaką rakietą gra Jannik Sinner Head
20%
Jaka marka sponsoruje Jannika Sinnera? Nike
20%
Nie znaleziono quizów pasujących do podanych kryteriów
Rozkład punktacji
Procent ludzi z każdym wynikiem
Percentyl według liczby udzielonych odpowiedzi
Twoja historia wyników
Nie rozwiązałeś tego quizu